000 00245nam a2200109Ia 4500
008 190216s9999||||xx |||||||||||||| ||und||
100 _aPaul M P
245 0 _aCherukathaprasthanam
260 _bNbs Kottayam
650 _aNiroopanam
942 _cBK
999 _c24355
_d24355